| 000 | 00519nam a22001817a 4500 | ||
|---|---|---|---|
| 003 | CEME | ||
| 005 | 20210628202358.0 | ||
| 008 | 210121b xxu||||| |||| 00| 0 eng d | ||
| 020 | _a0-8176-4042-8 | ||
| 040 | _c. | ||
| 082 | _a621.38223 SIG | ||
| 100 |
_aProchazka. A Rayner, P.J.W Kingsbury, N.G _959647 |
||
| 245 | _aSignal analysis and prediction | ||
| 260 |
_aBOSTON _bBIRKHAUSER _c1998 |
||
| 300 | _aXXV,502 P | ||
| 650 |
_aSIGNAL PROCESSING- STATISTICAL METHODS, PREDICTION THEORY _959648 |
||
| 942 |
_cBK _2ddc |
||
| 999 |
_c569572 _d569572 |
||